| 000 | 00734cam a22002413a 4500 | ||
|---|---|---|---|
| 001 | 3643 | ||
| 003 | PGUSA | ||
| 005 | 20140828083036.0 | ||
| 008 | 030101s2003||||xxu|||||s|||||000 | eng d | ||
| 040 |
_aPGUSA _beng |
||
| 042 | _adc | ||
| 050 | 4 | _aPS | |
| 100 | 1 |
_aPaine, Albert Bigelow, _d1861-1937 |
|
| 245 | 1 | 0 |
_aWidger's Quotations from the Project Gutenberg Editions of Paine's Writings on Mark Twain _h[electronic resource] / _cAlbert Bigelow Paine |
| 260 |
_bProject Gutenberg, _c2003 |
||
| 506 | _aPublic domain in the USA. | ||
| 516 | _aElectronic text | ||
| 653 | _aQuotations | ||
| 700 | 1 |
_aWidger, David, _d1932- |
|
| 830 | 0 |
_aProject Gutenberg _v3643 |
|
| 856 | 4 | 0 | _uhttp://www.gutenberg.org/ebooks/3643 |
| 942 | _cEB | ||
| 999 |
_c232972 _d232972 |
||